000 00785nam a2200241Ia 4500
003 OSt
005 20260209120623.0
008 210210b2010 xxu||||| |||| 00| 0 eng d
040 _cAL
041 _aKannada
082 _a398.4K BANT
100 _aBANNANJE BABU AMIN
_dಬನ್ನಂಜೆ ಬಾಬು ಅಮೀನ್
_9254096
245 _aTulunada daivagalu: samskratika vishleshane
_bತುಳುನಾಡ ದೈವಗಳು: ಸಾಂಸ್ಕೃತಿಕ ವಿಶ್ಲೇಷಣೆ
260 _aUDupi
_bKemmalaje Janapada Prakashana
_c2010
300 _axii,323
650 _avishlEShaNe
_9254097
650 _aTuLunADa
_9254098
650 _asAmskratika
_9254099
650 _adaivagaLu:
_9254100
690 _aFolklore
_9254101
906 _a064686
942 _2ddc
_cBK
999 _c142875
_d142875